|
|
|
|
| LEADER |
00000cam a2200000 a 4500 |
| 001 |
vtls001322044 |
| 003 |
SK-MaSNL |
| 005 |
20260301005440.0 |
| 008 |
240318s1990 xr 00000 cze |
| 020 |
|
|
|a 8070661275
|
| 035 |
|
|
|a SNK000274716
|
| 040 |
|
|
|a SNK
|b slo
|c SNK
|e AACR2
|
| 041 |
0 |
|
|a cze
|
| 044 |
|
|
|a xr
|c CZ
|
| 080 |
|
|
|a 616-092:578(075.8)
|2 1981
|
| 100 |
1 |
|
|a Fraňková, Věra,
|d 1929-2009
|4 aut
|9 289768
|
| 245 |
1 |
0 |
|a Patogeneze virových nákaz
|c Věra Fraňková
|
| 250 |
|
|
|a 2. přeprac. vyd.
|
| 260 |
|
|
|a Praha
|b Státní pedagogické nakladatelství
|c 1990
|
| 300 |
|
|
|a 172 s.
|c 4°
|
| 650 |
0 |
7 |
|a virológia
|2 SNKPH
|9 19067
|
| 650 |
0 |
7 |
|a vírusové infekcie
|2 SNKPH
|9 78751
|
| 655 |
|
7 |
|a učebnice vysokých škôl
|2 SNKPH
|9 70191
|
| 710 |
2 |
|
|a Univerzita Karlova
|4 pbl
|
| 852 |
|
|
|a Slovenská národná knižnica
|
| 919 |
|
|
|a 80-7066-127-5
|
| 958 |
|
|
|a RK
|
| 958 |
|
|
|a OND
|
| 999 |
|
|
|c 545207
|d 547137
|
| 952 |
|
|
|t P60, <04>, [BOOK], {604}
|a SNK
|b SNK
|y VYP
|7 0
|o snkIB 63934
|i snkKIP 3945/90
|0 0
|1 0
|4 0
|d 1998-02-24
|l 0
|r 2005-01-02 00:00:00
|w 2026-02-23
|
| 952 |
|
|
|t P60, <04>, [BOOK], {604}
|a SNK
|b SNK
|y VYP
|7 0
|p 17A0423934
|o snkIB 63934 D1
|i snkKIP 3946/90
|0 0
|1 1
|4 0
|d 1998-02-24
|l 0
|r 2005-01-02 00:00:00
|w 2026-02-23
|